Hodnotenie výkonnosti medzinárodne činných podnikov

Hodnotenie výkonnosti medzinárodne činných podnikov. Hodnotenie výkonnosti na základe porovnávania dvoch skupín podnikov – exportérov a neexportérov, resp. úspešných a neúspešných exportérov. Hodnotenie zamerané na exportnú výkonnosť meranú prostredníctvom najpoužívanejších ukazovatelov exportného...

Description complète

Enregistré dans:
Détails bibliographiques
Auteur principal: Hurný, František
Format: Chapitre de livre
Langue:slovaque
Sujets:
Tags: Ajouter un tag
Pas de tags, Soyez le premier à ajouter un tag!

MARC

LEADER 00000naa a2200000 4500
001 0249418
005 20240502074004.3
041 0 |a slo 
044 |a SK 
245 1 0 |a Hodnotenie výkonnosti medzinárodne činných podnikov  |c František Hurný 
520 |a Hodnotenie výkonnosti medzinárodne činných podnikov. Hodnotenie výkonnosti na základe porovnávania dvoch skupín podnikov – exportérov a neexportérov, resp. úspešných a neúspešných exportérov. Hodnotenie zamerané na exportnú výkonnosť meranú prostredníctvom najpoužívanejších ukazovatelov exportného výkonu. 
610 2 0 |a podnik medzinárodný 
610 2 0 |a internacionalizácia 
610 2 0 |a vývoz 
610 2 0 |a dovoz 
610 2 0 |a ukazovatele výkonnosti 
610 2 0 |a meranie výkonnosti 
100 1 |a Hurný, František